000 00369 a2200169 4500
001 44516
020 _a8526243705
040 _cAnchieta - Aquarius
100 _aKeumoun, Hubert Ben
240 1 0 _aO pintor de aquarela
_lpor
245 1 0 _aO pintor de aquarela
300 _a
362 0 _a2002
440 1 _aScipione
650 4 _aLiteratura juvenil
942 _cBK
999 _c44516
_d44516